00279 a2200133 4500003000500000005001700005040000900022082001300031100002000044245003500064260002200099300001000121650001400131Nust20170207153529.0 cNust a891.4393 a Karim,Mustafa aToofan Ke AahatcMustafa Karim aLahorebSchehrzad a444:p aurdu Adab